| 000 | 01057nam a2200229 a 4500 | ||
|---|---|---|---|
| 001 | 000139213 | ||
| 003 | AM-YeHGA | ||
| 005 | 20250617153509.0 | ||
| 008 | 030329s1979 ||||||||||||||||||||rus d | ||
| 040 | _aAM-YeHGA | ||
| 245 | 0 | 0 |
_aОсновные закономерности развития и металлогения областей тектоно-магматической активизации юга азиатской части СССР / _cВ.А. Амантов и др. ; Отв. ред. В.К. Путинцев и Г.Н. Шапошников. |
| 246 | 3 | 1 | _aMain regularities of regions of tectono-magmatic activisation of the Asian part of the USSR |
| 260 |
_aЛенинград : _bНедра. Ленингр. отд-ние, _c1979. |
||
| 300 | _a303 с. | ||
| 650 | 1 | 4 | _aГеология |
| 700 | 1 | _aАмантов, В.А. | |
| 700 | 1 | _aБыковская, Е.В. | |
| 700 | 1 | _aГенко, Г.А. | |
| 700 | 1 |
_aПутинцев, В.К. _eред. _4edt |
|
| 700 | 1 |
_aШапошников, Г.Н. _eред. _4edt |
|
| 090 | _c394855 | ||
| 999 |
_c392832 _d392832 |
||